000 00670nam a2200217Ia 4500
001 13194
003 GE_BSU
008 181216s||||||||xx |||||||||||||| ||und||
040 _cGE_BSU
080 _a58
100 _aМошков,Б.С.
245 _aВыращивание растении на искусственном освещении
245 _cРед.Б.П.Гончаров
260 _aМосква
260 _bСельхозгиз
260 _c1953
300 _a176стр.илл.20см.
300 _cБиблиогр.с.175
653 _aВыращивание растении на искусственном освещении
942 _cBK
999 _c46358
_d46358